000 01080cam a22003134a 4500
001 13616991
003 ARRUPE
005 20211027101706.0
008 040607s2005 mau bi 001 0 eng
010 _a 2004053881
020 _a0262232405 (alk. paper)
040 _aDLC
_cDLC
_dDLC
042 _apcc
050 0 0 _aBD418.3
_b.W52 2005
082 0 0 _a153
_222
100 1 _aWheeler, Michael,
_d1960-
_922341
245 1 0 _aReconstructing the cognitive world :
_bthe next step /
_cMichael Wheeler.
260 _aCambridge, Mass. :
_bMIT Press,
_cc2005.
300 _axi, 340 p. ;
_c24 cm.
500 _a"A Bradford book."
504 _aIncludes bibliographical references (p. [313]-331) and index.
600 1 0 _aDescartes, René,
_d1596-1650.
_94894
600 1 0 _aHeidegger, Martin,
_d1889-1976.
650 0 _aPhilosophy of mind.
650 0 _aCognitive science.
_92345
906 _a7
_bcbc
_corignew
_d1
_eocip
_f20
_gy-gencatlg
942 _2lcc
_cMONOGRAPH
999 _c130988
_d130988